[Event "NB I. Maroczy csoport"]
[Site "Budapest"]
[Date "2023.10.15"]
[Round "2.8"]
[White "Pesztericz, Laszlo"]
[Black "Balogh, David"]
[Result "1/2-1/2"]
[WhiteElo "2046"]
[BlackElo "2180"]
[PlyCount "89"]
[EventDate "2023.10.08"]
[EventType "team-tourn"]
[EventRounds "11"]
[EventCountry "HUN"]
[Source "chess.hu"]
[WhiteTeam "Vasas SC"]
[BlackTeam "Kumania-Kisujszallas"]
[WhiteTeamCountry "HUN"]
[BlackTeamCountry "HUN"]

1. e4 e6 2. d4 d5 3. Nc3 Bb4 4. e5 Ne7 5. Bd2 b6 6. Nf3 Bxc3 7. Bxc3 Ba6 8.
Bxa6 Nxa6 9. Qd3 Nb8 10. O-O Qd7 11. Bb4 Nbc6 12. Ba3 h6 13. b3 O-O-O 14. Rfc1
g5 15. h3 Nf5 16. c4 Kb7 17. c5 a6 18. cxb6 cxb6 19. Rc2 Rc8 20. Rac1 Na7 21.
g4 Ne7 22. Bxe7 Qxe7 23. Rxc8 Nxc8 24. a4 Qd7 25. Qc3 Ne7 26. Qb4 a5 27. Qa3
Nc6 28. Kf1 Nb4 29. Kg2 Rf8 30. Rc3 Qe7 31. Qb2 f5 32. exf6 Qxf6 33. Qe2 Nc6
34. Qb5 Rc8 35. Ne5 Nxe5 36. dxe5 Qxe5 37. Qd7+ Rc7 38. Rxc7+ Qxc7 39. Qxe6 d4
40. Qxh6 Qe5 41. Qh7+ Kc6 42. Qg6+ Kd5 43. Qf7+ Kd6 44. Qf8+ Kd5 45. Qf7+
1/2-1/2

[Event "NB I. Maroczy csoport"]
[Site "Budapest"]
[Date "2023.10.15"]
[Round "2.9"]
[White "Simonyi, Zoltan"]
[Black "Gyurkovics, Miklos"]
[Result "1-0"]
[WhiteElo "2094"]
[BlackElo "2015"]
[PlyCount "125"]
[EventDate "2023.10.08"]
[EventType "team-tourn"]
[EventRounds "11"]
[EventCountry "HUN"]
[Source "chess.hu"]
[WhiteTeam "Kumania-Kisujszallas"]
[BlackTeam "Vasas SC"]
[WhiteTeamCountry "HUN"]
[BlackTeamCountry "HUN"]

1. d4 d6 2. Nf3 g6 3. Bf4 Bg7 4. Nc3 c6 5. Qd2 Qa5 6. e4 e5 7. dxe5 dxe5 8. Bg5
Be6 9. Be2 h6 10. Bh4 Nf6 11. O-O Qc7 12. Rfd1 Nbd7 13. a4 a5 14. Qe1 Nh5 15.
Nd2 Nf4 16. Bf1 g5 17. Bg3 Bf8 18. Nc4 Bc5 19. Kh1 h5 20. h4 f6 21. f3 Nb6 22.
Ne3 Qg7 23. Rd2 Bd4 24. Ncd1 Qe7 25. c3 Bc5 26. Nf2 gxh4 27. Bxh4 Ng6 28. Bg3
h4 29. Bh2 Bxe3 30. Qxe3 Nc4 31. Bxc4 Bxc4 32. Qb6 Ra6 33. Qe3 c5 34. Ng4 Be6
35. Nh6 Rd6 36. Rad1 Rxd2 37. Rxd2 Qh7 38. Nf5 Bxf5 39. exf5 Ne7 40. Qxc5 Qxf5
41. Qb5+ Kf7 42. Qxb7 Qb1+ 43. Bg1 h3 44. Qb3+ Kg6 45. Qc2+ Qxc2 46. Rxc2 Nf5
47. Bf2 Kg5 48. g3 Rd8 49. b4 axb4 50. cxb4 Rd3 51. Kh2 Rxf3 52. Kxh3 e4 53.
Kg2 Rb3 54. b5 e3 55. Be1 Rb1 56. Bc3 Nh6 57. Rb2 Rc1 58. Bd4 Ng4 59. b6 Rc8
60. b7 Rb8 61. Kf3 e2 62. Kxe2 Kf5 63. Ba7 1-0

[Event "NB I. Maroczy csoport"]
[Site "Budapest"]
[Date "2023.10.15"]
[Round "2.10"]
[White "Szabo, Kristof"]
[Black "Fekete, Albert"]
[Result "0-1"]
[WhiteElo "2096"]
[BlackElo "2061"]
[PlyCount "106"]
[EventDate "2023.10.08"]
[EventType "team-tourn"]
[EventRounds "11"]
[EventCountry "HUN"]
[Source "chess.hu"]
[WhiteTeam "Vasas SC"]
[BlackTeam "Kumania-Kisujszallas"]
[WhiteTeamCountry "HUN"]
[BlackTeamCountry "HUN"]

1. e4 Nf6 2. e5 Nd5 3. c4 Nb6 4. d4 d6 5. f4 dxe5 6. fxe5 Bf5 7. Nc3 e6 8. Be3
Be7 9. Nf3 O-O 10. Be2 Nc6 11. O-O f6 12. exf6 Bxf6 13. Qd2 Bg4 14. Rad1 Bxf3
15. Rxf3 Qe7 16. Ne4 Nd7 17. a3 Rad8 18. Qe1 Bh4 19. Qc3 Nf6 20. Rf4 Nxe4 21.
Rxe4 Bf6 22. Bg4 e5 23. d5 Nd4 24. Qa5 b6 25. Qa4 Qc5 26. Kh1 a5 27. Rc1 Qd6
28. g3 Rb8 29. Qd1 Rbe8 30. Qe1 Re7 31. b4 axb4 32. axb4 Ra8 33. Bxd4 exd4 34.
Be6+ Kh8 35. c5 bxc5 36. bxc5 Qd8 37. c6 Qd6 38. g4 Bg5 39. Ra1 Rf8 40. Rb1 Be3
41. Qh4 h6 42. Qh5 Bg5 43. Qh3 Ree8 44. Qg3 Bf4 45. Qg2 Be3 46. Qg3 Qc5 47.
Rxe3 dxe3 48. Re1 e2 49. Kg2 Rxe6 50. dxe6 Qxc6+ 51. Kg1 Qxe6 52. Qg2 Qe3+ 53.
Kh1 Re8 0-1

[Event "NB I. Maroczy csoport"]
[Site "Budapest"]
[Date "2023.10.15"]
[Round "2.11"]
[White "Atkins, Rita"]
[Black "Kis, Bela"]
[Result "1-0"]
[WhiteElo "2035"]
[BlackElo "1929"]
[PlyCount "81"]
[EventDate "2023.10.08"]
[EventType "team-tourn"]
[EventRounds "11"]
[EventCountry "HUN"]
[Source "chess.hu"]
[WhiteTeam "Kumania-Kisujszallas"]
[BlackTeam "Vasas SC"]
[WhiteTeamCountry "HUN"]
[BlackTeamCountry "HUN"]

1. d4 f5 2. Bg5 Nf6 3. Bxf6 exf6 4. e3 d5 5. Bd3 Be6 6. Ne2 Bd6 7. Nf4 Bxf4 8.
exf4 Qd6 9. O-O Nc6 10. Re1 O-O 11. c3 Na5 12. Na3 Bd7 13. Qf3 b6 14. b4 Nb7
15. c4 c6 16. c5 Qc7 17. Re7 Rae8 18. Rae1 Qd8 19. R7e3 Rxe3 20. Rxe3 Re8 21.
Nc2 g6 22. h4 Kg7 23. h5 Rxe3 24. Nxe3 Qe7 25. a4 Nd8 26. hxg6 hxg6 27. Qg3 Kf7
28. Qh4 Qf8 29. g4 fxg4 30. Qh7+ Qg7 31. Bxg6+ Kf8 32. Qh5 Ne6 33. Nf5 Nxf4 34.
Nxg7 Nxh5 35. Nxh5 Ke7 36. Kg2 bxc5 37. bxc5 a5 38. Kg3 Bc8 39. Kf4 Ba6 40. Ng3
Bc4 41. Bc2 1-0

[Event "NB I. Maroczy csoport"]
[Site "Budapest"]
[Date "2023.10.15"]
[Round "2.12"]
[White "Harkanyi, Gergely"]
[Black "Giricz, Gergo"]
[Result "1-0"]
[WhiteElo "1862"]
[BlackElo "1493"]
[PlyCount "87"]
[EventDate "2023.10.08"]
[EventType "team-tourn"]
[EventRounds "11"]
[EventCountry "HUN"]
[Source "chess.hu"]
[WhiteTeam "Vasas SC"]
[BlackTeam "Kumania-Kisujszallas"]
[WhiteTeamCountry "HUN"]
[BlackTeamCountry "HUN"]

1. d4 d5 2. c4 e6 3. Nf3 Nf6 4. g3 Bb4+ 5. Nbd2 O-O 6. Bg2 Bd7 7. a3 Be7 8.
cxd5 exd5 9. O-O c6 10. Qc2 Qc8 11. Ne5 Bh3 12. Nb3 Bxg2 13. Kxg2 Nbd7 14. Bf4
Nh5 15. Nd3 Nxf4+ 16. Nxf4 Bd6 17. Qd2 Nf6 18. f3 Re8 19. Rfe1 Qc7 20. Rac1
Bxf4 21. Qxf4 Qxf4 22. gxf4 Re7 23. Nc5 b6 24. Nd3 Rc8 25. Rc2 Kf8 26. Rec1
Rec7 27. b4 Nd7 28. b5 c5 29. Nb4 Nf6 30. Na6 Re7 31. dxc5 bxc5 32. Nxc5 Rce8
33. Kf2 Re3 34. a4 g6 35. Nd3 Nh5 36. a5 d4 37. b6 axb6 38. axb6 Rb8 39. Rc8+
Re8 40. Rxb8 Rxb8 41. Ne5 Ke8 42. Rb1 Nf6 43. b7 Nd7 44. Nc6 1-0

[Event "NB I. Maroczy csoport"]
[Site "Debrecen"]
[Date "2023.10.29"]
[Round "3.1"]
[White "Furedi, Erik"]
[Black "Nomin-Erdene, Davaademberel"]
[Result "0-1"]
[WhiteElo "2271"]
[BlackElo "2364"]
[PlyCount "44"]
[EventDate "2023.10.08"]
[EventType "team-tourn"]
[EventRounds "11"]
[EventCountry "HUN"]
[Source "chess.hu"]
[WhiteTeam "Vasas SC"]
[BlackTeam "DEAC-Debr.Sakkiskola"]
[WhiteTeamCountry "HUN"]
[BlackTeamCountry "HUN"]

1. e4 c6 2. d4 d5 3. e5 Bf5 4. Nc3 e6 5. g4 Bg6 6. Nge2 c5 7. h4 h5 8. Nf4 Bh7
9. Nxh5 Nc6 10. Bb5 Nge7 11. Bg5 Qc7 12. Bxe7 Qxe7 13. Qd2 a6 14. Bxc6+ bxc6
15. O-O-O Rb8 16. Rdf1 cxd4 17. Nd1 Qc5 18. Ng3 Qc4 19. Kb1 Bb4 20. Qc1 d3 21.
Ka1 d2 22. Qb1 Qc5 0-1

[Event "NB I. Maroczy csoport"]
[Site "Debrecen"]
[Date "2023.10.29"]
[Round "3.2"]
[White "Varadi, Viktor"]
[Black "Torok, Sandor"]
[Result "0-1"]
[WhiteElo "2387"]
[BlackElo "2196"]
[PlyCount "46"]
[EventDate "2023.10.08"]
[EventType "team-tourn"]
[EventRounds "11"]
[EventCountry "HUN"]
[Source "chess.hu"]
[WhiteTeam "DEAC-Debr.Sakkiskola"]
[BlackTeam "Vasas SC"]
[WhiteTeamCountry "HUN"]
[BlackTeamCountry "HUN"]

1. e4 c5 2. Nf3 d6 3. d4 Nf6 4. Nc3 cxd4 5. Nxd4 a6 6. Bg5 e6 7. f4 Qb6 8. Qd2
Qxb2 9. Rb1 Qa3 10. f5 Nc6 11. fxe6 fxe6 12. Nxc6 bxc6 13. Be2 Be7 14. e5 dxe5
15. Bxf6 Bxf6 16. Bh5+ Ke7 17. Qe3 Qa5 18. O-O e4 19. Nxe4 Qxh5 20. Qa3+ c5 21.
Rbd1 Rf8 22. Kh1 Bd4 23. Qg3 Be5 0-1

[Event "NB I. Maroczy csoport"]
[Site "Debrecen"]
[Date "2023.10.29"]
[Round "3.3"]
[White "Karacsony, Attila"]
[Black "Mester, Gyula"]
[Result "1/2-1/2"]
[WhiteElo "2191"]
[BlackElo "2324"]
[PlyCount "97"]
[EventDate "2023.10.08"]
[EventType "team-tourn"]
[EventRounds "11"]
[EventCountry "HUN"]
[Source "chess.hu"]
[WhiteTeam "Vasas SC"]
[BlackTeam "DEAC-Debr.Sakkiskola"]
[WhiteTeamCountry "HUN"]
[BlackTeamCountry "HUN"]

1. e4 g6 2. d4 Bg7 3. Nc3 d6 4. f4 Nf6 5. Nf3 c5 6. Bb5+ Nfd7 7. O-O O-O 8. a4
a6 9. Bxd7 Nxd7 10. Be3 b6 11. h3 Bb7 12. d5 b5 13. e5 dxe5 14. fxe5 Nxe5 15.
Nxe5 Bxe5 16. axb5 axb5 17. Rxa8 Bxa8 18. Bxc5 b4 19. Na4 Bxd5 20. Nb6 Bc6 21.
Nc4 Bb8 22. Qxd8 Rxd8 23. Bxe7 Rd4 24. Na5 Bb5 25. c4 bxc3 26. bxc3 Re4 27. Rb1
Rxe7 28. Rxb5 Bg3 29. Rb1 Re1+ 30. Rxe1 Bxe1 31. Kf1 Bxc3 32. Nc4 Kg7 33. Ke2
Kf6 34. Kf3 Ke6 35. Ne3 Bd4 36. Nf1 Kd5 37. Nd2 Bf6 38. Ne4 Bd8 39. Nd2 Kd4 40.
Ne4 h5 41. Nd6 f6 42. h4 Be7 43. Nf7 Kd5 44. Nh8 g5 45. hxg5 fxg5 46. g4 h4 47.
Nf7 Ke6 48. Nxg5+ Bxg5 49. Kg2 1/2-1/2

[Event "NB I. Maroczy csoport"]
[Site "Debrecen"]
[Date "2023.10.29"]
[Round "3.4"]
[White "Emodi, Barnabas"]
[Black "Jacso, Adam Dr"]
[Result "1/2-1/2"]
[WhiteElo "2337"]
[BlackElo "2188"]
[PlyCount "54"]
[EventDate "2023.10.08"]
[EventType "team-tourn"]
[EventRounds "11"]
[EventCountry "HUN"]
[Source "chess.hu"]
[WhiteTeam "DEAC-Debr.Sakkiskola"]
[BlackTeam "Vasas SC"]
[WhiteTeamCountry "HUN"]
[BlackTeamCountry "HUN"]

1. d4 Nf6 2. Nf3 g6 3. Bg5 Bg7 4. e3 O-O 5. Nbd2 c5 6. c3 d6 7. Bc4 Nbd7 8. O-O
b6 9. a4 a6 10. Re1 Bb7 11. e4 cxd4 12. cxd4 d5 13. exd5 Bxd5 14. Qb3 Bxc4 15.
Nxc4 Nd5 16. Nce5 N7f6 17. Rac1 Rc8 18. Rxc8 Qxc8 19. Bxf6 Nxf6 20. Qxb6 Nd5
21. Qa7 e6 22. Nd7 Rd8 23. Nc5 Nb4 24. Ng5 Rf8 25. Rd1 Nc6 26. Qxa6 Qxa6 27.
Nxa6 Ra8 1/2-1/2

[Event "NB I. Maroczy csoport"]
[Site "Debrecen"]
[Date "2023.10.29"]
[Round "3.5"]
[White "Horvath, Julia"]
[Black "Ag, Norbert Dr"]
[Result "0-1"]
[WhiteElo "2152"]
[BlackElo "2309"]
[PlyCount "136"]
[EventDate "2023.10.08"]
[EventType "team-tourn"]
[EventRounds "11"]
[EventCountry "HUN"]
[Source "chess.hu"]
[WhiteTeam "Vasas SC"]
[BlackTeam "DEAC-Debr.Sakkiskola"]
[WhiteTeamCountry "HUN"]
[BlackTeamCountry "HUN"]

1. d4 d5 2. c4 c6 3. Nf3 Nf6 4. Nc3 a6 5. cxd5 cxd5 6. Bf4 Nc6 7. e3 Bg4 8. Be2
e6 9. O-O Be7 10. h3 Bh5 11. Rc1 O-O 12. Ne5 Bxe2 13. Qxe2 Rc8 14. Nxc6 Rxc6
15. Rc2 Qa5 16. a3 Rfc8 17. Rfc1 h6 18. f3 Bf8 19. Bg3 Rc4 20. Qd3 Be7 21. Ne2
b5 22. Rc3 Qb6 23. Bf2 Qb7 24. g4 Nd7 25. b3 Rxc3 26. Rxc3 Bxa3 27. Qc2 Rxc3
28. Qxc3 Bf8 29. Bg3 Nb8 30. Kg2 Nc6 31. Nc1 Nb4 32. Kf2 Qc6 33. Qxc6 Nxc6 34.
Ke2 Be7 35. Kd3 Kf8 36. Ne2 Ke8 37. e4 Kd7 38. exd5 exd5 39. f4 Bd6 40. Be1 g6
41. Bd2 f5 42. gxf5 gxf5 43. Be1 a5 44. Bd2 Bb4 45. Be3 Ke6 46. Ng1 a4 47. bxa4
bxa4 48. Kc2 Na5 49. Ne2 Nc4 50. Bc1 Nd6 51. Be3 Nb5 52. Bc1 Be1 53. Be3 Kf6
54. Nc1 Kg6 55. Nd3 Bc3 56. Ne5+ Kh5 57. Nf3 a3 58. Kb3 Bb2 59. Bf2 Bc1 60. Nh4
Nc3 61. Be1 a2 62. Bxc3 Kxh4 63. Kxa2 Kxh3 64. Kb3 Kg4 65. Kb4 Kf3 66. Kc5 Ke4
67. Kd6 Bxf4+ 68. Ke6 Be3 0-1

[Event "NB I. Maroczy csoport"]
[Site "Debrecen"]
[Date "2023.10.29"]
[Round "3.6"]
[White "Deak, Sandor"]
[Black "Havasi, Janos"]
[Result "1/2-1/2"]
[WhiteElo "2256"]
[BlackElo "2003"]
[PlyCount "128"]
[EventDate "2023.10.08"]
[EventType "team-tourn"]
[EventRounds "11"]
[EventCountry "HUN"]
[Source "chess.hu"]
[WhiteTeam "DEAC-Debr.Sakkiskola"]
[BlackTeam "Vasas SC"]
[WhiteTeamCountry "HUN"]
[BlackTeamCountry "HUN"]

1. d4 Nf6 2. c4 d6 3. Nc3 g6 4. e4 Bg7 5. f3 O-O 6. Be3 Na6 7. Qd2 Re8 8. Nge2
c5 9. Rc1 b6 10. b3 Nc7 11. Rd1 cxd4 12. Nxd4 Bb7 13. Be2 Qc8 14. O-O Ne6 15.
Nc2 Nd7 16. Nb4 Nf4 17. Rc1 Nxe2+ 18. Qxe2 Nc5 19. Rfd1 Nd7 20. Ncd5 Rb8 21.
Qf2 Ne5 22. h3 Nc6 23. Nd3 Ne5 24. Ne1 Bxd5 25. exd5 Nd7 26. Nd3 a5 27. Qd2 Nc5
28. Nf4 Be5 29. Ne2 Qf5 30. Nd4 Bxd4 31. Bxd4 e5 32. Bxc5 bxc5 33. Qxa5 e4 34.
fxe4 Qxe4 35. Qd2 Qh4 36. Qf2 Qg5 37. Re1 Ra8 38. Rxe8+ Rxe8 39. Re1 Ra8 40.
Kh2 h5 41. h4 Qd8 42. Re2 Kg7 43. Qf4 Ra6 44. Qg5 Qd7 45. Kg3 Ra7 46. Re4 Rc7
47. Re2 Rb7 48. Kh2 Ra7 49. Qg3 Qd8 50. Qg5 Qd7 51. Qf4 Qd8 52. b4 Qf6 53.
Qxf6+ Kxf6 54. bxc5 dxc5 55. Re8 Rxa2 56. Rc8 Ke5 57. Rxc5 Rd2 58. Rc7 Rd4 59.
Kh3 Rd3+ 60. g3 f6 61. Re7+ Kf5 62. Re2 g5 63. Rf2+ Ke5 64. Re2+ Kf5 1/2-1/2

[Event "NB I. Maroczy csoport"]
[Site "Debrecen"]
[Date "2023.10.29"]
[Round "3.7"]
[White "Pesztericz, Laszlo"]
[Black "Laszlo, Janos"]
[Result "1/2-1/2"]
[WhiteElo "2046"]
[BlackElo "2185"]
[PlyCount "96"]
[EventDate "2023.10.08"]
[EventType "team-tourn"]
[EventRounds "11"]
[EventCountry "HUN"]
[Source "chess.hu"]
[WhiteTeam "Vasas SC"]
[BlackTeam "DEAC-Debr.Sakkiskola"]
[WhiteTeamCountry "HUN"]
[BlackTeamCountry "HUN"]

1. e4 d6 2. d4 e5 3. Nf3 exd4 4. Nxd4 Nf6 5. Nc3 Be7 6. Be2 O-O 7. O-O Re8 8.
Bf4 Bf8 9. Bd3 Nbd7 10. Nf3 Nc5 11. Re1 Bg4 12. b4 Ne6 13. Be3 a5 14. b5 Nd7
15. Nd5 c6 16. bxc6 bxc6 17. Nf4 Nxf4 18. Bxf4 Qf6 19. Be3 h6 20. h3 Bh5 21. g4
Bg6 22. Bd4 Qf4 23. Be3 Qf6 24. Bd4 Qd8 25. e5 Bxd3 26. Qxd3 d5 27. c4 Bb4 28.
Re2 Nf8 29. cxd5 Qxd5 30. a3 Be7 31. Rd1 Red8 32. Red2 Ne6 33. Bb6 Qxd3 34.
Rxd3 Rxd3 35. Rxd3 a4 36. Be3 Rb8 37. Rc3 Rb3 38. Rxc6 Rxa3 39. Ra6 Ra1+ 40.
Kg2 a3 41. Nd4 Nxd4 42. Bxd4 Rd1 43. Bc3 Rc1 44. Ra8+ Kh7 45. Bd4 Rc4 46. Be3
Re4 47. Ra5 a2 48. Rxa2 Rxe5 1/2-1/2

[Event "NB I. Maroczy csoport"]
[Site "Debrecen"]
[Date "2023.10.29"]
[Round "3.8"]
[White "Tran, David"]
[Black "Kis, Bela"]
[Result "0-1"]
[WhiteElo "2108"]
[BlackElo "1929"]
[PlyCount "50"]
[EventDate "2023.10.08"]
[EventType "team-tourn"]
[EventRounds "11"]
[EventCountry "HUN"]
[Source "chess.hu"]
[WhiteTeam "DEAC-Debr.Sakkiskola"]
[BlackTeam "Vasas SC"]
[WhiteTeamCountry "HUN"]
[BlackTeamCountry "HUN"]

1. e4 e5 2. Nf3 Nc6 3. Bb5 a6 4. Ba4 Nf6 5. O-O Nxe4 6. d4 b5 7. Bb3 d5 8. dxe5
Be6 9. c3 Bc5 10. Nbd2 O-O 11. Bc2 f5 12. exf6 Nxf6 13. Nb3 Bb6 14. Ng5 Bg4 15.
Bxh7+ Kh8 16. Qc2 Qd6 17. h3 Bxh3 18. Bf5 Bxf5 19. Qxf5 Rae8 20. Bf4 Qd7 21.
Qg6 Qg4 22. Bg3 Ne5 23. Bxe5 Rxe5 24. Nf7+ Rxf7 25. Qxf7 Rg5 0-1

[Event "NB I. Maroczy csoport"]
[Site "Debrecen"]
[Date "2023.10.29"]
[Round "3.9"]
[White "Harkanyi, Gergely"]
[Black "Kosa, Peter"]
[Result "1/2-1/2"]
[WhiteElo "1862"]
[BlackElo "2055"]
[PlyCount "55"]
[EventDate "2023.10.08"]
[EventType "team-tourn"]
[EventRounds "11"]
[EventCountry "HUN"]
[Source "chess.hu"]
[WhiteTeam "Vasas SC"]
[BlackTeam "DEAC-Debr.Sakkiskola"]
[WhiteTeamCountry "HUN"]
[BlackTeamCountry "HUN"]

1. d4 Nf6 2. c4 c6 3. Nf3 d5 4. g3 g6 5. Bg2 Bg7 6. O-O O-O 7. Ne5 Be6 8. cxd5
Bxd5 9. Bh3 Nbd7 10. Nxd7 Nxd7 11. Nc3 Bc4 12. Bg5 Nb6 13. Be3 Nd5 14. Nxd5
Qxd5 15. b3 Ba6 16. Bg2 Qd6 17. Qd2 Rfd8 18. Rad1 Rac8 19. Rfe1 b6 20. h4 h5
21. Bf3 Bf6 22. Kg2 Bb7 23. Qc1 Ba8 24. Rd2 e6 25. Red1 Qf8 26. Rc2 Qd6 27.
Rcd2 Qf8 28. Rc2 1/2-1/2

[Event "NB I. Maroczy csoport"]
[Site "Debrecen"]
[Date "2023.10.29"]
[Round "3.10"]
[White "Kiss, Gergely Dr"]
[Black "Kozek, Armin"]
[Result "1/2-1/2"]
[WhiteElo "2072"]
[BlackElo "1736"]
[PlyCount "78"]
[EventDate "2023.10.08"]
[EventType "team-tourn"]
[EventRounds "11"]
[EventCountry "HUN"]
[Source "chess.hu"]
[WhiteTeam "DEAC-Debr.Sakkiskola"]
[BlackTeam "Vasas SC"]
[WhiteTeamCountry "HUN"]
[BlackTeamCountry "HUN"]

1. d4 Nf6 2. Bg5 g6 3. Bxf6 exf6 4. e3 d5 5. g3 Bg7 6. Bg2 O-O 7. Ne2 Na6 8.
O-O c6 9. Nd2 Nc7 10. b3 Re8 11. c4 Bf5 12. Re1 g5 13. Nc3 Qd7 14. Rc1 Bg4 15.
Qc2 Bf5 16. Qb2 Bh3 17. Bh1 f5 18. cxd5 cxd5 19. Nf3 Qe7 20. Na4 Ne6 21. Nc3
Rad8 22. Qd2 Qd6 23. Qd3 f4 24. exf4 gxf4 25. Re2 f5 26. Rce1 Bg4 27. h3 fxg3
28. hxg4 gxf2+ 29. Kxf2 fxg4 30. Nb5 Qb6 31. Qf5 Qxb5 32. Rxe6 gxf3 33. Rxe8+
Rxe8 34. Rxe8+ Qxe8 35. Qxd5+ Qf7 36. Qd8+ Qf8 37. Qd7 b6 38. Bxf3 Qf4 39. Qe8+
Bf8 1/2-1/2

[Event "NB I. Maroczy csoport"]
[Site "Debrecen"]
[Date "2023.10.29"]
[Round "3.11"]
[White "Solti, Balint"]
[Black "Nandin-Erdene, Davaademberel"]
[Result "1-0"]
[WhiteElo "1565"]
[BlackElo "1836"]
[PlyCount "159"]
[EventDate "2023.10.08"]
[EventType "team-tourn"]
[EventRounds "11"]
[EventCountry "HUN"]
[Source "chess.hu"]
[WhiteTeam "Vasas SC"]
[BlackTeam "DEAC-Debr.Sakkiskola"]
[WhiteTeamCountry "HUN"]
[BlackTeamCountry "HUN"]

1. d4 Nf6 2. c4 g6 3. Nc3 Bg7 4. e4 d6 5. Be2 O-O 6. Bg5 c5 7. d5 Qb6 8. Qc2 e6
9. Nf3 exd5 10. cxd5 Bg4 11. h3 Bxf3 12. Bxf3 Nbd7 13. O-O a6 14. Rfe1 Qc7 15.
a4 b6 16. Be2 Rfe8 17. Bf1 Qb7 18. Bf4 Ne5 19. Rad1 Nfd7 20. Bh2 Nf8 21. f4
Ned7 22. Kh1 Rac8 23. Bc4 f6 24. Qe2 Nb8 25. Qf1 Nfd7 26. Rd2 Re7 27. Rf2 Rce8
28. Qd3 Kh8 29. Rfe2 Qc7 30. b3 Qd8 31. Bxa6 Nxa6 32. Qxa6 f5 33. Qd3 Kg8 34.
Nb5 fxe4 35. Rxe4 Nf6 36. Re6 Rxe6 37. dxe6 d5 38. f5 Ne4 39. Qf1 gxf5 40. Qxf5
Nf6 41. Bd6 Ne4 42. Qf7+ Kh8 43. e7 Qd7 44. Rxe4 dxe4 45. Nc7 Rxe7 46. Qxe7
Qxe7 47. Bxe7 Bd4 48. Bh4 e3 49. Be1 Kg8 50. Nb5 Be5 51. Kg1 Kf7 52. Kf1 Ke6
53. Ke2 Bf4 54. Nc3 Ke5 55. Nd1 Ke4 56. Bc3 h5 57. Bb2 Bh6 58. Bc1 Bg7 59. Bxe3
Be5 60. Nf2+ Kf5 61. Nd3 Bd6 62. Kf3 h4 63. Bf4 Be7 64. g4+ hxg3 65. Bxg3 Bd8
66. Bf4 Ke6 67. Ke4 Kd7 68. Ne5+ Kc8 69. Kd5 Kb7 70. Nc6 Bh4 71. Bd6 Bg5 72.
Be7 Bh6 73. h4 Ka6 74. Bg5 Bg7 75. h5 b5 76. axb5+ Kxb5 77. h6 Bb2 78. Be7 Bc1
79. h7 Bb2 80. Ne5 1-0

[Event "NB I. Maroczy csoport"]
[Site "Budapest"]
[Date "2023.10.29"]
[Round "3.1"]
[White "Manik, Mikulas"]
[Black "Bodi, Tibor"]
[Result "0-1"]
[WhiteElo "2332"]
[BlackElo "2278"]
[PlyCount "108"]
[EventDate "2023.10.08"]
[EventType "team-tourn"]
[EventRounds "11"]
[EventCountry "HUN"]
[Source "chess.hu"]
[WhiteTeam "Pitypalatty Sakk SE"]
[BlackTeam "Aquarena Kobanya  II"]
[WhiteTeamCountry "HUN"]
[BlackTeamCountry "HUN"]

1. e4 Nf6 2. e5 Nd5 3. d4 d6 4. Nf3 Nb6 5. a4 a5 6. Nc3 g6 7. exd6 cxd6 8. Bb5+
Bd7 9. O-O Bg7 10. Re1 O-O 11. Bg5 Re8 12. Ne4 Bxb5 13. axb5 Qc8 14. Qd2 Nc4
15. Qc3 h6 16. Bc1 Nd7 17. b3 Ncb6 18. Qd2 a4 19. bxa4 Nxa4 20. Qd3 d5 21. Ng3
e6 22. Bf4 Kh7 23. h4 Qc3 24. Rxa4 Qxd3 25. Rxa8 Qxf3 26. gxf3 Rxa8 27. c3 Ra3
28. Rc1 Rb3 29. c4 dxc4 30. Rxc4 Nb6 31. Rc5 Rxf3 32. Be5 Nd7 33. Rc7 Nxe5 34.
dxe5 Bxe5 35. Rxb7 Bxg3 36. fxg3 Kg7 37. Kg2 Rb3 38. g4 g5 39. h5 Kf6 40. b6
Rb1 41. Kf2 Rb4 42. Kg3 Rb1 43. Kf2 Rb3 44. Kg2 Ke5 45. Rxf7 Rxb6 46. Rh7 Kf4
47. Rxh6 Kxg4 48. Rh8 Kh4 49. Kf1 Kg3 50. h6 g4 51. h7 Rb7 52. Ke2 e5 53. Kf1
Re7 54. Re8 Rxe8 0-1

[Event "NB I. Maroczy csoport"]
[Site "Budapest"]
[Date "2023.10.29"]
[Round "3.2"]
[White "Horvath, David"]
[Black "Stanciu, Alexandru-Ovidiu"]
[Result "1/2-1/2"]
[WhiteElo "2335"]
[BlackElo "2373"]
[PlyCount "23"]
[EventDate "2023.10.08"]
[EventType "team-tourn"]
[EventRounds "11"]
[EventCountry "HUN"]
[Source "chess.hu"]
[WhiteTeam "Aquarena Kobanya  II"]
[BlackTeam "Pitypalatty Sakk SE"]
[WhiteTeamCountry "HUN"]
[BlackTeamCountry "HUN"]

1. d4 d5 2. c4 e6 3. Nc3 Nf6 4. Bg5 Be7 5. e3 h6 6. Bh4 O-O 7. Nf3 b6 8. Bd3
Bb7 9. O-O Nbd7 10. Qe2 Ne4 11. Bxe7 Qxe7 12. Rac1 1/2-1/2

[Event "NB I. Maroczy csoport"]
[Site "Budapest"]
[Date "2023.10.29"]
[Round "3.3"]
[White "Leszko, Bence"]
[Black "Polyik, Peter"]
[Result "1/2-1/2"]
[WhiteElo "2218"]
[BlackElo "2294"]
[PlyCount "66"]
[EventDate "2023.10.08"]
[EventType "team-tourn"]
[EventRounds "11"]
[EventCountry "HUN"]
[Source "chess.hu"]
[WhiteTeam "Pitypalatty Sakk SE"]
[BlackTeam "Aquarena Kobanya  II"]
[WhiteTeamCountry "HUN"]
[BlackTeamCountry "HUN"]

1. e4 c5 2. Nf3 d6 3. d4 cxd4 4. Nxd4 Nf6 5. Nc3 Nc6 6. Nd5 Nxd5 7. exd5 Qa5+
8. Bd2 Qxd5 9. Nb5 Qe6+ 10. Be2 Qd7 11. c4 e6 12. O-O Be7 13. Be3 O-O 14. Qd2
b6 15. Rfd1 Rd8 16. Bf4 Bb7 17. Rac1 d5 18. cxd5 Qxd5 19. Qxd5 Rxd5 20. Rxd5
exd5 21. Bf3 Na5 22. Rc7 Re8 23. h3 Bd8 24. Rc1 Be7 25. Re1 Kf8 26. Nd6 Rd8 27.
Nxb7 Nxb7 28. Rd1 Nc5 29. Bxd5 Bf6 30. b4 Na4 31. Bc7 Rd7 32. Bb3 Rxc7 33. Bxa4
g6 1/2-1/2

[Event "NB I. Maroczy csoport"]
[Site "Budapest"]
[Date "2023.10.29"]
[Round "3.4"]
[White "Konnyu, Janos"]
[Black "Papp, Tamas"]
[Result "1-0"]
[WhiteElo "2334"]
[BlackElo "2314"]
[PlyCount "75"]
[EventDate "2023.10.08"]
[EventType "team-tourn"]
[EventRounds "11"]
[EventCountry "HUN"]
[Source "chess.hu"]
[WhiteTeam "Aquarena Kobanya  II"]
[BlackTeam "Pitypalatty Sakk SE"]
[WhiteTeamCountry "HUN"]
[BlackTeamCountry "HUN"]

1. e4 e5 2. Nf3 Nc6 3. Bb5 a6 4. Ba4 b5 5. Bb3 Nf6 6. Nc3 Be7 7. O-O d6 8. h3
O-O 9. d3 Na5 10. Bg5 Nxb3 11. axb3 c6 12. Re1 Ne8 13. Bxe7 Qxe7 14. d4 Nc7 15.
b4 Rd8 16. Qd2 Bb7 17. Qe3 f6 18. Rad1 Ne8 19. Rd3 a5 20. bxa5 b4 21. Ne2 Rxa5
22. dxe5 fxe5 23. Ng3 g6 24. h4 Kg7 25. h5 c5 26. c3 bxc3 27. bxc3 Ba6 28. Rd2
Rb8 29. Nh2 Qh4 30. Red1 Ra3 31. Rxd6 Nxd6 32. Qxc5 Rab3 33. Qxe5+ Kf7 34. Rxd6
Rb1+ 35. Nhf1 Bc8 36. Qh8 Bg4 37. hxg6+ hxg6 38. Qxh4 1-0

[Event "NB I. Maroczy csoport"]
[Site "Budapest"]
[Date "2023.10.29"]
[Round "3.5"]
[White "Daroczi, Donat"]
[Black "Urhegyi, Marton"]
[Result "1/2-1/2"]
[WhiteElo "2105"]
[BlackElo "2254"]
[PlyCount "71"]
[EventDate "2023.10.08"]
[EventType "team-tourn"]
[EventRounds "11"]
[EventCountry "HUN"]
[Source "chess.hu"]
[WhiteTeam "Pitypalatty Sakk SE"]
[BlackTeam "Aquarena Kobanya  II"]
[WhiteTeamCountry "HUN"]
[BlackTeamCountry "HUN"]

1. e4 e6 2. d4 d5 3. Nc3 Bb4 4. exd5 exd5 5. Bd3 Ne7 6. Qf3 Nbc6 7. Nge2 Be6 8.
a3 Bxc3+ 9. bxc3 Qd7 10. Nf4 Bf5 11. O-O O-O-O 12. Re1 h5 13. Qe2 Rde8 14. Be3
Bg4 15. f3 Bf5 16. Bb5 a6 17. Ba4 f6 18. Qd2 g5 19. Nd3 Bxd3 20. cxd3 Nf5 21.
Bf2 Rxe1+ 22. Rxe1 Re8 23. Rb1 Qe6 24. Re1 Qd7 25. Rb1 Qe6 26. c4 Re7 27. Qb2
Nd8 28. Bb3 h4 29. cxd5 Qd6 30. Bc4 Qf4 31. Re1 Rxe1+ 32. Bxe1 b5 33. Ba2 h3
34. Bd2 Qxd4+ 35. Qxd4 Nxd4 36. Kf2 1/2-1/2